1767 1213 1661 1103 1830 1311 1489 1474 1598 1996 1528 1906 1653 1933 1676 1457 1175 1403 1140 1336 1466 1701 1173 1251 1629 1024 1137 1518 1654 1918 1101 1772 1044 1112 1682 1154 1096 1102 1029 1040 1600 1816 1996 1528 1784 1980 1820 1160 1927 1049 1721 1757 1058 1086 1213 1747 1192 1551 1896 1838 1524 1564 1569 1209 1998 1104 1461 1535 1721 1607 1749 1748 1916 1129 1377 1491 1785 1245 1780 1850 1712 1495 1816 1693 1653 1471 1654 1343 1517 1382 1439 1795 1929 1577 1494 1485 1380 1380 1010 BCNSPRNW ULIB Ver.6.0+V

เปลี่ยนเป็นภาษาไทย

Change to English
 แสดงรายละเอียดบรรณานุกรม
  กลับหน้าหลัก

Brief Record : Get Marc (ISO 2709) : E-mail record : QR code < ปิดหน้าต่าง
LEADER : 00000nam 2200000uu 4500
001    13399127685
003     ULIB
008    210420s2562||||th 000 0 tha d
020 ^  ^a9786160035526
050 ^  ^aนว^bบ951ค
100 0  ^aใบสน.
245 1  ^aคีตาแสงจันทร์ /^cใบสน.
250 ^  ^aพิมพ์ครั้งที่ 1.
260 ^  ^aกรุงเทพฯ :^bพิมพ์คำ,^c2562.
300 ^  ^a404 หน้า ;^c21 ซม.
490 0  ^aจุมพิตรัตติกาล
945    ^p280^l0^i28871
999    ^aกัณชพร จุลอักษร
รายการนี้ยังไม่มีแท็ก
คุณยังไม่ได้ล็อกอิน คุณสามารถมีกิจกรรมร่วมกับเว็บไซต์ได้ แต่ต้องล็อกอินก่อน ::
  ล็อกอิน

รายการสื่อสารสนเทศ

ลำดับที่ ประเภท เลขเรียก/บาร์โค้ด สถานที่ สถานะ
1. วิทยาศาสตร์การแพทย์ และสุขภาพ
วิทยาศาสตร์การแพทย์ และสุขภาพ
นว บ951ค ฉ.1 
  Barcode: 28871
ห้องสมุดวิทยาเขตนครสวรรค์
►นวนิยาย:l:Fiction
บนชั้น

รายการใกล้เคียง
    ผู้แต่ง [ใบสน.]

BibComment


ยังไม่เคยถูกคอมเมนท์

คอมเมนท์ทรัพยากรรายการนี้
  คอมเมนท์: คีตาแสงจันทร์ ใ..


 Copyright 2026. Bcnsprnw @Library